[Event "FRA-chT3 Gr12 0304"]
[Site "Loire"]
[Date "2004.02.01"]
[Round "5.5"]
[White "Baud, Antoine"]
[Black "Cruzille, Jean"]
[Result "0-1"]
[WhiteElo "1620"]
[BlackElo "1670"]
[PlyCount "130"]
[EventDate "2003.10.12"]
[EventType "team"]
[EventRounds "9"]
[EventCountry "FRA"]
[SourceTitle "EXT 2008"]
[Source "ChessBase"]
[SourceDate "2007.11.25"]
[SourceVersion "1"]
[SourceVersionDate "2007.11.25"]
[SourceQuality "1"]

1. e4 e6 2. d4 d5 3. Nc3 Bb4 4. e5 Ne7 5. Bd2 c5 6. Nb5 Bxd2+ 7. Qxd2 0-0 8. c3 cxd4 9. cxd4 Nbc6 10. Nf3 Qb6 11. Bd3 a6 12. Nc3 Bd7 13. 0-0 Rac8 14. Rac1 Ng6 15. Bb1 Nce7 16. h4 h5 17. Ne2 Bb5 18. Rfe1 Bxe2 19. Qxe2 Nf5 20. Bxf5 exf5 21. b3 Nf4 22. Qe3 Ne6 23. Rc3 Qa5 24. Rec1 Rxc3 25. Qxc3 Qxa2 26. Nd2 Qa3 27. g3 Nxd4 28. Kf1 Nc6 29. Nf3 Qb4 30. Qxb4 Nxb4 31. Rc7 b5 32. Nd4 g6 33. Ke2 Re8 34. f4 Kf8 35. Kd2 Rb8 36. Nc6 Nxc6 37. Rxc6 a5 38. Ra6 a4 39. bxa4 bxa4 40. Rxa4 Rb3 41. Rd4 Rxg3 42. Rxd5 Rg4 43. Ke3 Rxh4 44. Rd1 Rh3+ 45. Kf2 h4 46. Kg2 Rg3+ 47. Kf2 Ra3 48. Kg2 h3+ 49. Kh2 Ke7 50. Rd6 Rf3 51. Rd4 f6 52. exf6+ Kxf6 53. Rd6+ Kg7 54. Rd4 Kh6 55. Ra4 Kh5 56. Rb4 Kh4 57. Ra4 Rf2+ 58. Kg1 Kg3 59. Ra3+ Rf3 60. Ra1 Rxf4 61. Ra2 g5 62. Ra3+ Rf3 63. Ra1 f4 64. Kh1 Rf2 65. Rg1+ Rg2 0-1